000 00301nam a22001337a 4500
008 170823b xxu||||| |||| 00| 0 eng d
020 _a3540575545
041 _aeng
080 _22ND
_a51
100 _a38
101 _aMAT
245 _aBASIC ALGEBRAIC GEOMETRY
_cSHAFAREVICH,I.R
942 _2udc
_cBK
999 _c24687
_d24687